00347nam a2200121Ia 4500008004100000020001800041041001200059100001800071245008800089260002800177300000800205650001200213221030s9999 xx 000 0 und d a9780241396742 aEnglish aM. Wooldridge 4aThe Road to Conscious Machines - The Story of AI - A Pelican Bookcby M. Wooldridge bPelican BooksaUKc2020 a162 aGeneral